书目信息 |
| 题名: |
大学英语四级考试
|
|
| 作者: | 苗天顺 著 | |
| 分册: | 词汇与语法结构技巧·精练 | |
| 出版信息: | 北京 外文出版社 2003.01 |
|
| 页数: | 310页 | |
| 开本: | 21cm | |
| 丛书名: | 风筝英语 | |
| 单 册: | ||
| 中图分类: | H314 | |
| 科图分类: | ||
| 主题词: | 英语--ying yu--词汇--高等学校--水平考试--自学参考资料 , 英语--ying yu--语法--高等学校--水平考试--自学参考资料 | |
| 电子资源: | ||
| ISBN: | 7-119-03302-6 | |
| 000 | 01217nam 2200301 450 | |
| 001 | 012006377820 | |
| 005 | 20060802113149.26 | |
| 010 | @a7-119-03302-6@dCNY12.00 | |
| 100 | @a20060802d2003 km y0chiy0120 ea | |
| 101 | 0 | @achi@aeng |
| 102 | @aCN@b110000 | |
| 105 | @aa z 000yy | |
| 106 | @ar | |
| 200 | 1 | @a大学英语四级考试@Ada xue ying yu si ji kao shi@i词汇与语法结构技巧·精练@d= Vocabulary & Structure@f苗天顺著@Fmiao tian shun zhu@zeng |
| 210 | @a北京@c外文出版社@d2003.01 | |
| 215 | @a310页@c图@d21cm | |
| 225 | 2 | @a风筝英语@Afeng zheng ying yu@iCET4系列 |
| 330 | @a本书包括5章:《大纲》要求及近年命题走向、词汇测试的主要考点分析及应试对策、语法结构测试的主要考点分析及应试对策、词汇与语法结构综合复习、6套词汇与语法结构模拟试题及答案题解。 | |
| 410 | 0 | @12001 @a风筝英语 |
| 410 | 0 | @12001 @aCET4系列 |
| 510 | 1 | @aVocabulary & Structure@zeng |
| 517 | 1 | @a词汇与语法结构技巧·精练@Aci hui yu yu fa jie gou ji qiao·jing lian |
| 606 | 0 | @a英语@Aying yu@x词汇@x高等学校@x水平考试@j自学参考资料 |
| 606 | 0 | @a英语@Aying yu@x语法@x高等学校@x水平考试@j自学参考资料 |
| 690 | @aH314@v4 | |
| 701 | 0 | @a苗天顺@Amiao tian shun@4著 |
| 801 | 0 | @aCN@bQSSK@c20060802 |
| 905 | @b599326-30@dH314@eM733 | |
| 大学英语四级考试.词汇与语法结构技巧·精练= Vocabulary & Structure/苗天顺著.-北京:外文出版社,2003.01 |
| 310页:图;21cm.-(风筝英语.CET4系列) |
| ISBN 7-119-03302-6:CNY12.00 |
| 本书包括5章:《大纲》要求及近年命题走向、词汇测试的主要考点分析及应试对策、语法结构测试的主要考点分析及应试对策、词汇与语法结构综合复习、6套词汇与语法结构模拟试题及答案题解。 |
| ● |
| 相关链接 |
|
|
|
正题名:大学英语四级考试
索取号:H314/M733
 
预约/预借
| 序号 | 登录号 | 条形码 | 馆藏地/架位号 | 状态 | 备注 |
| 1 | 599326 | 205993264 | 语言库209/209语言库 5排1列6层/ [索取号:H314/M733] | 在馆 | |
| 2 | 599327 | 205993273 | 语言库209/209语言库 5排1列6层/ [索取号:H314/M733] | 在馆 | |
| 3 | 599328 | 205993282 | 语言库209/209语言库 5排1列6层/ [索取号:H314/M733] | 在馆 | |
| 4 | 599329 | 205993291 | 语言库209/209语言库 5排1列6层/ [索取号:H314/M733] | 在馆 |